| 000 | 01468nam a2200253 i 4500 | ||
|---|---|---|---|
| 003 | DO-SdUEMH | ||
| 005 | 20260108183123.0 | ||
| 007 | ta | ||
| 008 | 260108s2021 dr a|||gr|||| 00| 0 spa d | ||
| 020 | _a9789945099195 | ||
| 040 |
_aDO-SdUEMH _bspa _erda |
||
| 041 | _aspa | ||
| 082 | 1 | 4 |
_mRD _bM878 |
| 100 | 1 | _eaut | |
| 245 |
_aConstruyendo Futuro: _buna vida en la ingeniería estructural (de la cruz de Mendoza a Dubái) / _cNelson Morrison |
||
| 264 | 1 |
_aSanto Domingo, República Dominicana : _bBúho, _c2021 |
|
| 264 | 4 | _c©2021 | |
| 300 |
_a395 páginas : _bilustraciones ; _c22 cm. |
||
| 336 |
_2rdacontent _atexto _btxt |
||
| 337 |
_2rdamedia _asin mediación _bn |
||
| 338 |
_2rdacarrier _avolumen _bnc |
||
| 505 | 2 | _aCapítulo I: Ingeniería estructural -- Capítulo II: Un inicio y un antes -- Capítulo III: El nacimiento del ingeniero -- Capítulo IV: El estudiante universitario -- Capítulo V: En el ojo de los poetas -- Capítulo VI: La formación continua -- Capítulo VII: Barcelona -- Capítulo VIII: Vida laboral. Empleado y desempleado -- Capítulo IX: Inicio de cursos de educación y vida gremial -- Capítulo X: Respuestas necesarias -- Capítulo XI: SAP90: El inicio de un largo camino -- Capítulo XII: SAP2000: El camino firme -- Capítulo XIII: Una meta cumplida -- Capítulo XIV: La joven nacida en la tierra de los mayas -- Capítulo XV: La formación no se detiene -- Capítulo XVI: De La Cruz de Mendoza a Dubái. | |
| 942 |
_2ddc _cBK _n0 |
||
| 999 |
_c18309 _d18309 |
||